000
00277nam a2200133Ia 4500
100
_a
Shreve/R Norris
942
_c
BK
654
_a
Industries
245
_a
Chemical Process Industries
260
_b
McGraw Hill
_c
1956
082
_a
661
300
_a
1004
546
_a
ENGLISH
999
_c
23147
_d
23147